Mahoning County, OH: Cities, Villages & Townships - Statistics

General Stats
  • This quiz has been taken 52 times
  • The average score is 13 of 24
Answer Stats
First Letter Population Type Answer % Correct
Y 66,982 City Youngstown
100%
B 40,889 Township Boardman
90%
A 36,722 Township Austintown
85%
C 16,164 Township Canfield
85%
C 7,515 City Canfield
85%
P 14,960 Township Poland
75%
P 2,555 Village Poland
75%
S 10,713 City Struthers
65%
J 2,114 Township Jackson
60%
M 3,759 Township Milton
55%
S 4,420 Village Sebring
55%
B 2,122 Township Berlin
50%
L 1,155 Village Lowellville
50%
B 978 Village Beloit
45%
C 1,392 Township Coitsville
45%
G 3,243 Township Goshen
40%
C 1,180 Village Craig Beach
35%
C 8,235 City Cambell
30%
N 1,621 Village New Middletown
30%
S 6,703 Township Springfield
30%
E 2,217 Township Ellsworth
25%
G 3,253 Township Green
25%
B 6,711 Township Beaver
15%
S 4,510 Township Smith
10%
No matching quizzes found
Score Distribution
Percent of People with Each Score
Percentile by Number Answered
Your Score History
You have not taken this quiz